[Event "Seefeld op 16th"]
[Site "Seefeld"]
[Date "2005.09.18"]
[Round "2"]
[White "Matt, Stefan"]
[Black "Ballon, Guenther Jan"]
[Result "1/2-1/2"]
[WhiteElo "1816"]
[BlackElo "2213"]
[PlyCount "35"]
[EventDate "2005.09.17"]
[EventType "swiss"]
[EventRounds "9"]
[EventCountry "AUT"]
[SourceTitle "EXT 2007"]
[Source "ChessBase"]
[SourceDate "2006.11.23"]
[SourceVersion "1"]
[SourceVersionDate "2006.11.23"]
[SourceQuality "1"]

1. Nf3 d5 2. c4 c6 3. d4 e6 4. Nc3 dxc4 5. e3 b5 6. a4 Bb4 7. Ne5 Nf6 8. Qf3 Qd5 9. Be2 Bb7 10. 0-0 Bxc3 11. bxc3 0-0 12. Qf4 Qd8 13. Ba3 Nd5 14. Qf3 Nxc3 15. Bxf8 Qxf8 16. axb5 Nxe2+ 17. Qxe2 cxb5 18. Qb2 1/2-1/2